[Event "Oberliga Sued W 1920"]
[Site "Germany"]
[Date "2020.03.01"]
[Round "7.2"]
[White "Fries, Frederik"]
[Black "Klein, Joachim"]
[Result "1/2-1/2"]
[WhiteElo "2296"]
[BlackElo "2158"]
[PlyCount "129"]
[EventDate "2019.09.29"]
[EventType "team-tourn"]
[EventRounds "9"]
[EventCountry "GER"]
[SourceTitle "EXT 2021"]
[Source "ChessBase"]
[SourceDate "2020.10.23"]
[SourceVersion "1"]
[SourceVersionDate "2020.10.23"]
[SourceQuality "1"]

1. Nf3 d5 2. e3 Nf6 3. c4 e6 4. b3 c5 5. Bb2 Nc6 6. cxd5 exd5 7. Bb5 Bd6 8. 0-0 0-0 9. d4 cxd4 10. Bxc6 bxc6 11. Qxd4 Rb8 12. Ba3 Bxa3 13. Nxa3 Qe7 14. Qe5 Be6 15. Nc2 c5 16. Rfd1 h6 17. Rac1 Rfc8 18. Nce1 a5 19. Nd3 a4 20. Nxc5 axb3 21. axb3 Rb5 22. Nxe6 Rxc1 23. Rxc1 Qxe6 24. Qc7 Qa6 25. Qc8+ Qxc8 26. Rxc8+ Kh7 27. Nd4 Ra5 28. f3 Nd7 29. Kf2 Ne5 30. Rc2 g5 31. h3 h5 32. Nc6 Nxc6 33. Rxc6 Ra2+ 34. Kf1 Rb2 35. Rc3 h4 36. Rd3 Kg6 37. Rxd5 Rxb3 38. Ke2 f6 39. f4 gxf4 40. exf4 Rg3 41. Kf2 Ra3 42. Rd8 Kf5 43. Rh8 Ra2+ 44. Kf3 Ra3+ 45. Kf2 Ra2+ 46. Kg1 Kxf4 47. Rxh4+ Kg5 48. Rg4+ Kh5 49. Rg8 f5 50. Kh1 f4 51. Kg1 f3 52. g3 Kh6 53. Kf1 Rg2 54. h4 Kh7 55. Rg5 Kh6 56. Rg8 Kh7 57. Rg4 Kh6 58. Rg5 Kh7 59. g4 Kh6 60. Rh5+ Kg6 61. Rg5+ Kh6 62. Ke1 Re2+ 63. Kf1 Rg2 64. Rh5+ Kg6 65. Rg5+ 1/2-1/2

[Event "Oberliga Sued W 1920"]
[Site "Germany"]
[Date "2019.10.20"]
[Round "2.3"]
[White "Fries, Frederik"]
[Black "Heidorn, Oliver"]
[Result "1-0"]
[WhiteElo "2305"]
[BlackElo "2116"]
[PlyCount "65"]
[EventDate "2019.09.29"]
[EventType "team-tourn"]
[EventRounds "9"]
[EventCountry "GER"]
[SourceTitle "EXT 2021"]
[Source "ChessBase"]
[SourceDate "2020.10.23"]
[SourceVersion "1"]
[SourceVersionDate "2020.10.23"]
[SourceQuality "1"]

1. Nf3 d5 2. e3 Nf6 3. c4 c6 4. Nc3 g6 5. d4 Bg7 6. Be2 0-0 7. 0-0 Re8 8. h3 h6 9. Ne5 Be6 10. Bd2 Nfd7 11. cxd5 cxd5 12. f4 Nc6 13. Bd3 Ndxe5 14. fxe5 Na5 15. Bb1 Nc6 16. Ne2 Qb6 17. Bc3 Nxe5 18. dxe5 Qxe3+ 19. Kh1 Bxe5 20. Bxe5 Qxe5 21. Nd4 Bd7 22. Nf3 Qh5 23. Qd4 Rec8 24. Bd3 Be6 25. Rae1 Rc6 26. Re5 g5 27. Qe3 Bg4 28. Rxe7 Re6 29. Rxe6 Bxe6 30. Nd4 Re8 31. Nxe6 Rxe6 32. Qxa7 g4 33. Qb8+ 1-0

[Event "GER CupT 1718 prel6"]
[Site "Bann"]
[Date "2018.01.14"]
[Round "2.2"]
[White "Fries, Frederik"]
[Black "Meyer, Kai Christian"]
[Result "1-0"]
[WhiteElo "2293"]
[BlackElo "2163"]
[PlyCount "55"]
[EventDate "2018.01.13"]
[EventType "team-k.o."]
[EventRounds "2"]
[EventCountry "GER"]
[SourceTitle "EXT 2019"]
[Source "ChessBase"]
[SourceDate "2018.10.10"]
[SourceVersion "1"]
[SourceVersionDate "2018.10.10"]
[SourceQuality "1"]
[WhiteTeam "Schwarzenbach"]
[BlackTeam "Schoeneck"]
[WhiteTeamCountry "GER"]
[BlackTeamCountry "GER"]

1. Nf3 Nf6 2. c4 c6 3. Nc3 d5 4. e3 e6 5. Qc2 Bd6 6. b3 Nbd7 7. Bb2 Qe7 8. d4 0-0 9. Be2 a6 10. 0-0 b5 11. Rfe1 b4 12. Na4 Ne4 13. Ne5 Bxe5 14. dxe5 Bb7 15. Bd3 f5 16. exf6 Ndxf6 17. f3 Nd6 18. Be5 h6 19. cxd5 cxd5 20. Qc5 Nc8 21. Qxe7 Nxe7 22. Bd6 Rf7 23. Bxb4 e5 24. Rac1 e4 25. fxe4 dxe4 26. Bc4 Bd5 27. Bxe7 Rxe7 28. Nb6 1-0

[Event "Oberliga Sued W 1718"]
[Site "Germany"]
[Date "2017.10.22"]
[Round "3.2"]
[White "Fries, Frederik"]
[Black "Dany, Alexander"]
[Result "1-0"]
[WhiteElo "2297"]
[BlackElo "2114"]
[PlyCount "65"]
[EventDate "2017.09.10"]
[EventType "team-tourn"]
[EventRounds "11"]
[EventCountry "GER"]
[SourceTitle "EXT 2019"]
[Source "ChessBase"]
[SourceDate "2018.10.10"]
[SourceVersion "1"]
[SourceVersionDate "2018.10.10"]
[SourceQuality "1"]
[WhiteTeam "Schwarzenbach Caissa"]
[BlackTeam "Trier"]
[WhiteTeamCountry "GER"]
[BlackTeamCountry "GER"]

1. Nf3 Nf6 2. c4 e6 3. Nc3 d5 4. e3 Be7 5. b3 0-0 6. Bb2 b6 7. cxd5 exd5 8. d4 Nbd7 9. Bd3 c5 10. 0-0 Bb7 11. Ne5 Ne4 12. Nxd7 Qxd7 13. dxc5 Nxc5 14. Ne2 Nxd3 15. Qxd3 Rac8 16. Rfd1 Rfd8 17. h3 Qe6 18. Qd4 Bf6 19. Qd2 Be7 20. Bd4 Qe4 21. Ng3 Qc2 22. Qxc2 Rxc2 23. Nf5 Bf8 24. a4 Bc8 25. Nh4 Be7 26. Nf3 Bb4 27. a5 Bxa5 28. b4 Bxb4 29. Rxa7 Bc5 30. Ra8 Rf8 31. Bxc5 bxc5 32. Rb1 Bxh3 33. Rbb8 1-0

[Event "Maastricht Limburg op-A 11th"]
[Site "Maastricht"]
[Date "2017.06.03"]
[Round "2"]
[White "Fries, Frederik"]
[Black "Sokolov, Ivan"]
[Result "0-1"]
[WhiteElo "2319"]
[BlackElo "2625"]
[PlyCount "96"]
[EventDate "2017.06.02"]
[EventType "swiss"]
[EventRounds "7"]
[EventCountry "NED"]
[SourceTitle "CBM 178 Extra"]
[Source "ChessBase"]
[SourceDate "2017.06.22"]
[SourceVersion "1"]
[SourceVersionDate "2017.06.22"]
[SourceQuality "1"]

1. Nf3 Nf6 2. c4 b6 3. g3 Bb7 4. Bg2 g6 5. 0-0 Bg7 6. Nc3 0-0 7. d4 Ne4 8. Qd3 Nxc3 9. Qxc3 c5 10. Be3 Be4 11. Qd2 d6 12. Bh6 Nc6 13. Bxg7 Kxg7 14. d5 Bxf3 15. Bxf3 Ne5 16. Bg2 b5 17. cxb5 Qb6 18. Qc3 Kg8 19. a4 a6 20. b4 Rfc8 21. Bh3 Rc7 22. bxc5 Rxc5 23. Qe3 axb5 24. axb5 Rb8 25. Rfb1 Rxb5 26. Qxb6 R8xb6 27. Rxb5 Rxb5 28. Rd1 f5 29. f4 Nc4 30. Rd3 Nb6 31. Bg2 Nd7 32. Kf2 Nf6 33. Bf3 Kf7 34. Rd4 h6 35. h3 g5 36. e3 Rb2+ 37. Kf1 Nd7 38. g4 fxg4 39. hxg4 Nc5 40. Be4 gxf4 41. exf4 Nxe4 42. Rxe4 Rd2 43. Re6 Rxd5 44. Rxh6 Rd4 45. Rh7+ Kf8 46. Rh8+ Kg7 47. Re8 Rxf4+ 48. Kg2 Kf7 0-1

[Event "LUX-chT 2016/17"]
[Site "Luxembourg"]
[Date "2016.10.09"]
[Round "2"]
[White "Sailer, Douglas"]
[Black "Fries, Frederik"]
[Result "0-1"]
[WhiteElo "2040"]
[BlackElo "2302"]
[PlyCount "108"]
[EventDate "2016.09.25"]
[EventType "team-tourn"]
[EventRounds "10"]
[EventCountry "LUX"]
[SourceTitle "EXT 2018"]
[Source "ChessBase"]
[SourceDate "2017.10.13"]
[SourceVersion "1"]
[SourceVersionDate "2017.10.13"]
[SourceQuality "1"]

1. Nf3 d5 2. b3 Bg4 3. Bb2 Nd7 4. e3 e5 5. h3 Bxf3 6. Qxf3 Ngf6 7. c4 e4 8. Qd1 dxc4 9. Bxc4 Bd6 10. Nc3 c6 11. Qc2 Qe7 12. Be2 0-0 13. d3 exd3 14. Bxd3 Ne5 15. Be2 Ba3 16. Bxa3 Qxa3 17. 0-0 Qa5 18. Rac1 Ng6 19. Rfd1 Qg5 20. Ne4 Nxe4 21. Qxe4 Qa5 22. Qc2 Rad8 23. a4 Ne5 24. Qc3 Rxd1+ 25. Bxd1 Qxc3 26. Rxc3 Rd8 27. Be2 Rd2 28. Kf1 Kf8 29. f4 Nd7 30. Rd3 Rxd3 31. Bxd3 Nc5 32. Bc2 a5 33. Ke2 Ke7 34. Kd2 h5 35. Kc3 h4 36. b4 axb4+ 37. Kxb4 Kd6 38. e4 Ne6 39. e5+ Kd5 40. f5 Nd4 41. Bd3 b6 42. f6 g5 43. Bc4+ Kxe5 44. Bxf7 Kxf6 45. Be8 Ke5 46. Kc4 b5+ 47. axb5 cxb5+ 48. Kc5 Ne6+ 49. Kb4 Kf4 50. Bd7 Nd4 51. Kc3 Nf5 52. Bxb5 Ne3 53. Kd2 Nxg2 54. Ke2 Kg3 0-1

[Event "Oberliga Sued W 1516"]
[Site "Germany"]
[Date "2016.01.17"]
[Round "5.6"]
[White "Fries, Frederik"]
[Black "Werner, Dimo"]
[Result "1-0"]
[WhiteElo "2202"]
[BlackElo "2060"]
[PlyCount "67"]
[EventDate "2015.09.20"]
[EventType "team-tourn"]
[EventRounds "9"]
[EventCountry "GER"]
[SourceTitle "CBM 170 Extra"]
[Source "ChessBase"]
[SourceDate "2016.02.25"]
[SourceVersion "1"]
[SourceVersionDate "2016.02.25"]
[SourceQuality "1"]
[WhiteTeam "Schwarzenbach Caissa"]
[BlackTeam "Schott Mainz II"]
[WhiteTeamCountry "GER"]
[BlackTeamCountry "GER"]

1. Nf3 Nf6 2. c4 c6 3. Nc3 d5 4. e3 e6 5. b3 Nbd7 6. Qc2 Bd6 7. Bb2 0-0 8. Rg1 e5 9. cxd5 Nxd5 10. Ne4 Qe7 11. Nxd6 Qxd6 12. a3 Re8 13. d3 Qc5 14. Qxc5 Nxc5 15. Bxe5 Nxb3 16. Rb1 Nc5 17. Be2 f6 18. Bd4 Na4 19. Kd2 b5 20. Rgc1 Bd7 21. Bd1 Ndb6 22. Bb3+ Kf8 23. Bc5+ Nxc5 24. Rxc5 Nc8 25. Nd4 Ne7 26. Be6 Red8 27. Bxd7 Rxd7 28. Nxc6 Rc8 29. Rbc1 Rxc6 30. Rxc6 Nxc6 31. Rxc6 Ke7 32. Kc3 Rb7 33. Kb4 Kd7 34. Rc5 1-0

[Event "Oberliga Sued W 1516"]
[Site "Germany"]
[Date "2015.12.13"]
[Round "4.5"]
[White "Fink, Christian"]
[Black "Fries, Frederik"]
[Result "0-1"]
[WhiteElo "2101"]
[BlackElo "2202"]
[PlyCount "52"]
[EventDate "2015.09.20"]
[EventType "team-tourn"]
[EventRounds "9"]
[EventCountry "GER"]
[SourceTitle "CBM 170 Extra"]
[Source "ChessBase"]
[SourceDate "2016.02.25"]
[SourceVersion "1"]
[SourceVersionDate "2016.02.25"]
[SourceQuality "1"]
[WhiteTeam "Heimbach Weis/Neuwied"]
[BlackTeam "Schwarzenbach Caissa"]
[WhiteTeamCountry "GER"]
[BlackTeamCountry "GER"]

1. e4 c5 2. Nf3 d6 3. d4 cxd4 4. Qxd4 Nf6 5. e5 Nc6 6. Qa4 dxe5 7. Nxe5 Bd7 8. Nxd7 Qxd7 9. Nc3 e6 10. Bd3 Be7 11. 0-0 0-0 12. Rd1 Qc7 13. Bf4 Qb6 14. Ne4 Nd5 15. Bg5 Bxg5 16. Nxg5 h6 17. Ne4 Rfd8 18. Bb5 Ne5 19. Bf1 f5 20. c4 fxe4 21. cxd5 exd5 22. Rd2 e3 23. Re2 exf2+ 24. Kh1 Nc4 25. b3 Qf6 26. Rd1 Nb2 0-1

[Event "Bruges Masters op"]
[Site "Bruges"]
[Date "2015.08.27"]
[Round "7"]
[White "Vandenbuerie, Joachim"]
[Black "Fries, Frederik"]
[Result "0-1"]
[WhiteElo "1973"]
[BlackElo "2202"]
[PlyCount "50"]
[EventDate "2015.08.24"]
[EventType "swiss"]
[EventRounds "9"]
[EventCountry "BEL"]
[SourceTitle "EXT 2016"]
[Source "ChessBase"]
[SourceDate "2015.10.08"]
[SourceVersion "1"]
[SourceVersionDate "2015.10.08"]
[SourceQuality "1"]

1. c4 c6 2. g3 d5 3. Bg2 Nf6 4. Nf3 Bf5 5. cxd5 cxd5 6. Qb3 Nc6 7. Qxb7 Bd7 8. Qb3 e5 9. 0-0 Rb8 10. Qd1 e4 11. Ne1 h5 12. d4 h4 13. Bg5 hxg3 14. fxg3 Rxb2 15. Bxf6 gxf6 16. Nc3 Qa5 17. Qc1 Nxd4 18. Qxb2 Qxc3 19. Rb1 Qe3+ 20. Rf2 Bc5 21. Qb8+ Ke7 22. Qxh8 Nf5 23. Nf3 Qxf2+ 24. Kh1 exf3 25. Bxf3 Ne3 0-1

[Event "Bruges Masters op"]
[Site "Bruges"]
[Date "2015.08.26"]
[Round "6"]
[White "Fries, Frederik"]
[Black "Vajda, Levente"]
[Result "0-1"]
[WhiteElo "2202"]
[BlackElo "2572"]
[PlyCount "96"]
[EventDate "2015.08.24"]
[EventType "swiss"]
[EventRounds "9"]
[EventCountry "BEL"]
[SourceTitle "EXT 2016"]
[Source "ChessBase"]
[SourceDate "2015.10.08"]
[SourceVersion "1"]
[SourceVersionDate "2015.10.08"]
[SourceQuality "1"]

1. Nf3 Nf6 2. c4 g6 3. g3 Bg7 4. Bg2 0-0 5. 0-0 d6 6. d4 Nbd7 7. Nc3 e5 8. e4 exd4 9. Nxd4 Re8 10. h3 a6 11. Be3 Rb8 12. b3 Nc5 13. Qc2 Bd7 14. b4 Ne6 15. Nb3 Nf8 16. Rad1 Qc8 17. Kh2 Be6 18. c5 N6d7 19. Nd5 Bxd5 20. exd5 Rxe3 21. fxe3 Qe8 22. e4 h5 23. h4 Ne5 24. Bh3 Qa4 25. Qd2 Nh7 26. Nd4 Nf6 27. Rfe1 Bh6 28. Qe2 Qxb4 29. cxd6 cxd6 30. Nf3 Nfg4+ 31. Bxg4 Nxg4+ 32. Kh1 Qc5 33. Rb1 Re8 34. Rb2 b5 35. Rc2 Qa3 36. Rb1 Qa4 37. e5 Nxe5 38. Nxe5 Rxe5 39. Qg2 Qg4 40. Rb3 Re1+ 41. Kh2 Be3 42. Rd3 b4 43. Rxe3 Rxe3 44. Rd2 a5 45. Rc2 Kg7 46. Rf2 Qe4 47. Qf1 Qxd5 48. Qa1+ Qe5 0-1

[Event "Oberliga Sued W 1415"]
[Site "Germany"]
[Date "2015.04.12"]
[Round "9.7"]
[White "Lang, Matthias"]
[Black "Fries, Frederik"]
[Result "0-1"]
[WhiteElo "2150"]
[BlackElo "2170"]
[PlyCount "122"]
[EventDate "2014.09.21"]
[EventType "team-tourn"]
[EventRounds "9"]
[EventCountry "GER"]
[SourceTitle "EXT 2019"]
[Source "ChessBase"]
[SourceDate "2018.10.10"]
[SourceVersion "1"]
[SourceVersionDate "2018.10.10"]
[SourceQuality "1"]
[WhiteTeam "Landau"]
[BlackTeam "Schwarzenbach Caissa"]
[WhiteTeamCountry "GER"]
[BlackTeamCountry "GER"]

1. d4 d5 2. Nf3 Nf6 3. Bg5 Ne4 4. Bf4 c5 5. e3 Qb6 6. Qc1 Nc6 7. c3 f6 8. h3 cxd4 9. exd4 e5 10. Be3 exd4 11. Nxd4 Bc5 12. Nc2 0-0 13. Bd3 Ne5 14. Be2 Nc4 15. Bxc5 Nxc5 16. b4 Ne4 17. 0-0 Ne5 18. Qe3 Qxe3 19. Nxe3 Be6 20. f4 Nc6 21. Bf3 Rad8 22. b5 Na5 23. f5 Bf7 24. Rd1 Rfe8 25. Nc2 Nc4 26. a4 Ng3 27. Nd4 Ne3 28. Rd2 Ngxf5 29. Na3 Nd6 30. Re1 Nec4 31. Rxe8+ Rxe8 32. Nxc4 Nxc4 33. Re2 Rxe2 34. Bxe2 Nb2 35. a5 Na4 36. Kf2 Nxc3 37. b6 axb6 38. axb6 Na4 39. Nc6 Nxb6 40. Nd8 Nc4 41. Nxb7 Kf8 42. Nd8 Ke7 43. Nc6+ Kd6 44. Nd4 Be6 45. Bd3 g6 46. h4 Bf7 47. Bc2 Kc5 48. Ne2 d4 49. Ng3 f5 50. h5 Ne3 51. hxg6 hxg6 52. Ba4 Bd5 53. Bd7 f4 54. Ne2 Nxg2 55. Bh3 f3 56. Ng1 d3 57. Nxf3 Bxf3 58. Kxf3 d2 59. Ke2 Nf4+ 60. Kxd2 Nxh3 61. Ke3 Ng5 0-1

[Event "Forchheim op-A 13th"]
[Site "Forchheim"]
[Date "2014.10.04"]
[Round "3"]
[White "Steinhart, Christoph"]
[Black "Fries, Frederik"]
[Result "1/2-1/2"]
[WhiteElo "2025"]
[BlackElo "2170"]
[PlyCount "89"]
[EventDate "2014.10.03"]
[EventType "swiss"]
[EventRounds "5"]
[EventCountry "GER"]
[SourceTitle "EXT 2019"]
[Source "ChessBase"]
[SourceDate "2018.10.10"]
[SourceVersion "1"]
[SourceVersionDate "2018.10.10"]
[SourceQuality "1"]

1. e4 c6 2. d4 d5 3. exd5 cxd5 4. c4 Nf6 5. Nc3 e6 6. Nf3 Be7 7. a3 0-0 8. cxd5 Nxd5 9. Bd3 Nf6 10. Bg5 Nc6 11. Bc2 b6 12. Qd3 g6 13. b4 Bb7 14. h4 Rc8 15. h5 Nxb4 16. axb4 Bxb4 17. Bd2 Bxc3 18. Bxc3 Be4 19. Qd2 Bxc2 20. Qxc2 Qc7 21. Ra3 b5 22. Qb2 b4 23. Bxb4 Qc1+ 24. Qxc1 Rxc1+ 25. Ke2 Rxh1 26. Bxf8 Kxf8 27. hxg6 hxg6 28. Rxa7 Ng4 29. Ne5 Nxe5 30. dxe5 Rb1 31. Ra4 Rb3 32. g4 g5 33. f4 Rb2+ 34. Kf3 Rb3+ 35. Kf2 gxf4 36. Rxf4 Kg7 37. Ra4 Kg6 38. Rf4 Kg5 39. Re4 Kh4 40. Kf1 Rb1+ 41. Kf2 Rb2+ 42. Kf3 Ra2 43. Ke3 Ra1 44. Kf2 Ra8 45. Kg2 1/2-1/2

[Event "Forchheim op-A 13th"]
[Site "Forchheim"]
[Date "2014.10.03"]
[Round "1"]
[White "Monninger, Moritz Franz"]
[Black "Fries, Frederik"]
[Result "0-1"]
[WhiteElo "2152"]
[BlackElo "2170"]
[PlyCount "114"]
[EventDate "2014.10.03"]
[EventType "swiss"]
[EventRounds "5"]
[EventCountry "GER"]
[SourceTitle "EXT 2019"]
[Source "ChessBase"]
[SourceDate "2018.10.10"]
[SourceVersion "1"]
[SourceVersionDate "2018.10.10"]
[SourceQuality "1"]

1. d4 d5 2. Nf3 c6 3. c4 Nf6 4. Nbd2 Bf5 5. g3 e6 6. Bg2 h6 7. 0-0 Be7 8. Ne5 0-0 9. b3 a5 10. Bb2 a4 11. f3 Bh7 12. e4 Qa5 13. bxa4 Bb4 14. Nb3 Qxa4 15. Qe2 Qa6 16. Rfc1 Nbd7 17. Qe3 Rfe8 18. Nd3 Bf8 19. c5 Rec8 20. Nf2 Kh8 21. Bf1 Qa7 22. Bd3 Ng8 23. Qf4 f6 24. exd5 cxd5 25. Bxh7 Kxh7 26. Re1 Qa6 27. Qg4 Re8 28. Nh3 f5 29. Qh4 Be7 30. Qf4 Bf6 31. Qc7 Qc6 32. Qxc6 bxc6 33. f4 Bd8 34. Nf2 Ngf6 35. Re2 Ra4 36. Bc3 Bc7 37. Nd3 Ne4 38. Be1 Rb8 39. Rb1 Rxd4 40. Nxd4 Rxb1 41. Nxe6 Ba5 42. Nd4 Nexc5 43. Nxc5 Nxc5 44. Nc2 Nd3 45. Kf1 Bxe1 46. Nxe1 Kg8 47. Re3 Nxe1 48. Rxe1 Rxe1+ 49. Kxe1 Kf7 50. Kd2 Ke7 51. Kc3 c5 52. g4 fxg4 53. Kd3 g6 54. Ke3 h5 55. a4 Kd6 56. f5 gxf5 57. Kf4 c4 0-1

[Event "Dubai op 16th"]
[Site "Dubai"]
[Date "2014.04.12"]
[Round "5"]
[White "Das, Sayantan"]
[Black "Fries, Frederik"]
[Result "1-0"]
[WhiteElo "2371"]
[BlackElo "2154"]
[PlyCount "91"]
[EventDate "2014.04.07"]
[EventType "swiss"]
[EventRounds "9"]
[EventCountry "UAE"]
[SourceTitle "CBM 159 Extra"]
[Source "ChessBase"]
[SourceDate "2014.04.24"]
[SourceVersion "1"]
[SourceVersionDate "2014.04.24"]
[SourceQuality "1"]

1. e4 d6 2. d4 Nf6 3. Nc3 e5 4. Nf3 Nbd7 5. Bc4 Be7 6. 0-0 0-0 7. Re1 c6 8. a4 a5 9. b3 h6 10. Ba3 Re8 11. h3 Qc7 12. Qd2 Nf8 13. d5 Ng6 14. Rad1 Rd8 15. Qe3 Nf4 16. Bf1 cxd5 17. exd5 Bf8 18. Kh2 Bf5 19. g3 Ng6 20. Rd2 Re8 21. Nb5 Qd8 22. Bg2 Ra6 23. c4 Qb8 24. Rdd1 b6 25. Nd2 Rd8 26. Ne4 Ne8 27. f4 exf4 28. gxf4 Bd7 29. Nd4 Nh4 30. Bh1 Nf5 31. Nxf5 Bxf5 32. Ng3 Bc8 33. Bb2 Ra7 34. Qd4 Nf6 35. Ne4 Nxe4 36. Bxe4 Qc7 37. Bc2 Qc5 38. Qd2 Qc7 39. Rg1 f5 40. Rde1 Kh7 41. Bd4 Rb7 42. Rg3 Qb8 43. Qe2 Qc7 44. Qh5 Qd7 45. Qg6+ Kg8 46. Bf6 1-0

[Event "Dubai op 16th"]
[Site "Dubai"]
[Date "2014.04.07"]
[Round "1"]
[White "Fries, Frederik"]
[Black "Solak, Dragan"]
[Result "0-1"]
[WhiteElo "2154"]
[BlackElo "2635"]
[PlyCount "46"]
[EventDate "2014.04.07"]
[EventType "swiss"]
[EventRounds "9"]
[EventCountry "UAE"]
[SourceTitle "CBM 159 Extra"]
[Source "ChessBase"]
[SourceDate "2014.04.24"]
[SourceVersion "1"]
[SourceVersionDate "2014.04.24"]
[SourceQuality "1"]

1. Nf3 c5 2. c4 Nc6 3. d4 cxd4 4. Nxd4 e5 5. Nb5 a6 6. Nd6+ Bxd6 7. Qxd6 Qf6 8. Qd2 Nge7 9. Nc3 Qg6 10. b3 Nd4 11. Rb1 d5 12. e3 Nc2+ 13. Kd1 Nb4 14. Rb2 dxc4 15. bxc4 Bg4+ 16. f3 Rd8 17. Rxb4 Rxd2+ 18. Bxd2 Bc8 19. g3 0-0 20. Be2 Rd8 21. Rb2 Qc6 22. Rc2 Be6 23. Ne4 Bf5 0-1

[Event "Forchheim op-A 12th"]
[Site "Forchheim"]
[Date "2013.09.29"]
[Round "4"]
[White "Fries, Frederik"]
[Black "Weber, Daniel1111"]
[Result "1/2-1/2"]
[WhiteElo "2171"]
[BlackElo "1940"]
[PlyCount "81"]
[EventDate "2013.09.27"]
[EventType "swiss"]
[EventRounds "5"]
[EventCountry "GER"]
[SourceTitle "CBM 156 Extra"]
[Source "ChessBase"]
[SourceDate "2013.10.22"]
[SourceVersion "1"]
[SourceVersionDate "2013.10.22"]
[SourceQuality "1"]

1. Nf3 Nf6 2. c4 c6 3. Nc3 d5 4. e3 g6 5. d4 Bg7 6. Bd3 0-0 7. 0-0 b6 8. cxd5 cxd5 9. Bd2 Bb7 10. Qe2 Ne4 11. Rfc1 Nd7 12. Be1 Nxc3 13. Bxc3 Re8 14. Bb5 a6 15. Ba4 b5 16. Bb3 e5 17. dxe5 Nxe5 18. Nxe5 Bxe5 19. Qf3 Qd7 20. Bxe5 Rxe5 21. Rd1 Rd8 22. Rd4 Re4 23. Rad1 Rxd4 24. Rxd4 Rc8 25. Qd1 Rc5 26. Qd2 Qc7 27. g3 Qc6 28. Kg2 Kg7 29. h3 Qe6 30. g4 h5 31. Bd1 h4 32. Bf3 g5 33. b4 Rc4 34. Rxd5 Bxd5 35. Bxd5 Qd6 36. Qb2+ f6 37. Bxc4 bxc4 38. Qc3 Qd5+ 39. Kg1 Qd1+ 40. Kg2 Qd5+ 41. Kg1 1/2-1/2

[Event "Pfalz op 03rd"]
[Site "Neustadt an der Weinstrasse"]
[Date "2012.03.03"]
[Round "6"]
[White "Fries, Frederik"]
[Black "Whitehead, David J"]
[Result "1-0"]
[WhiteElo "2110"]
[BlackElo "2041"]
[PlyCount "99"]
[EventDate "2012.02.17"]
[EventType "swiss"]
[EventRounds "9"]
[EventCountry "GER"]
[SourceTitle "EXT 2013"]
[Source "ChessBase"]
[SourceDate "2012.11.22"]
[SourceVersion "1"]
[SourceVersionDate "2012.11.22"]
[SourceQuality "1"]

1. Nf3 f5 2. d4 Nf6 3. g3 e6 4. Bg2 Be7 5. 0-0 0-0 6. c4 d6 7. Nc3 a5 8. b3 Ne4 9. Qc2 Nxc3 10. Qxc3 Nd7 11. Bb2 Qe8 12. Qc2 Qh5 13. Rad1 g5 14. Rfe1 Nf6 15. Nd2 f4 16. Nf1 c6 17. f3 Bd7 18. e4 d5 19. exd5 cxd5 20. g4 Qf7 21. c5 Bd8 22. a3 Bc7 23. Nd2 Kg7 24. Kf2 h5 25. h3 hxg4 26. hxg4 Rh8 27. Rh1 Rxh1 28. Rxh1 Rh8 29. Qb1 Rxh1 30. Qxh1 Qg6 31. Qb1 Qh6 32. Bc3 Qh4+ 33. Kg1 Bb5 34. Nf1 Kf7 35. Be1 Qh8 36. Bf2 a4 37. bxa4 Ba6 38. Nd2 Be2 39. Qxb7 Qd8 40. Nb1 Nxg4 41. fxg4 Bxg4 42. Nc3 Kf6 43. Nb5 Ba5 44. Nd6 Bh5 45. Bf3 Bg6 46. Bg4 Bc7 47. Nb5 Ba5 48. c6 Qf8 49. c7 Bxc7 50. Qxc7 1-0

[Event "Oberliga Sued W 1112"]
[Site "Germany"]
[Date "2012.02.26"]
[Round "7"]
[White "Carow, Annelen"]
[Black "Fries, Frederik"]
[Result "0-1"]
[WhiteElo "1860"]
[BlackElo "2093"]
[PlyCount "112"]
[EventDate "2011.09.25"]
[EventType "team-tourn"]
[EventRounds "9"]
[EventCountry "GER"]
[SourceTitle "EXT 2013"]
[Source "ChessBase"]
[SourceDate "2012.11.22"]
[SourceVersion "1"]
[SourceVersionDate "2012.11.22"]
[SourceQuality "1"]
[WhiteTeam "Heidesheim"]
[BlackTeam "Schwarzenbach"]
[WhiteTeamCountry "GER"]
[BlackTeamCountry "GER"]

1. d4 d5 2. c4 c6 3. e3 Nf6 4. Nf3 a6 5. b3 Bf5 6. Be2 e6 7. 0-0 Nbd7 8. Ba3 Bxa3 9. Nxa3 h6 10. Nc2 0-0 11. Nb4 dxc4 12. Bxc4 c5 13. dxc5 Nxc5 14. Nd4 Be4 15. a3 b5 16. Be2 e5 17. Nf3 Qxd1 18. Bxd1 a5 19. Na2 Bxf3 20. Bxf3 e4 21. Bd1 b4 22. Nc1 Nd5 23. Ne2 Rfd8 24. Nd4 Nc3 25. Nc6 Rxd1 26. Raxd1 Nxd1 27. Rxd1 bxa3 28. Ra1 Nxb3 29. Rxa3 a4 30. Kf1 Kf8 31. Nb4 Ke7 32. Ke2 Kd6 33. f3 Kc5 34. Nc2 Rd8 35. fxe4 Rd2+ 36. Kf3 Rxc2 37. Rxa4 Nd2+ 38. Kf4 Nc4 39. Kf3 Ne5+ 40. Kg3 Kd6 41. Rd4+ Ke6 42. Rb4 Rc4 43. Rb6+ Rc6 44. Rb4 Kf6 45. Rb5 Re6 46. Ra5 Kg6 47. Rc5 f6 48. Rb5 h5 49. h3 Kg5 50. Rd5 h4+ 51. Kf2 Rc6 52. Rd2 Rc4 53. Re2 Rxe4 54. Kg1 Rb4 55. Kf1 Rb1+ 56. Kf2 Rb2 0-1